<?xml version="1.0" encoding="UTF-8"?>
<collection xmlns="http://www.loc.gov/MARC21/slim">
  <record>
    <leader>00000nam  2200000   4500</leader>
    <controlfield tag="001">INLIS000000000008030</controlfield>
    <datafield tag="990" ind1="#" ind2="#">
      <subfield code="a">704/H-21</subfield>
    </datafield>
    <controlfield tag="005">20250509082833</controlfield>
    <datafield tag="035" ind1="#" ind2="#">
      <subfield code="a">0010-1222000140</subfield>
    </datafield>
    <datafield tag="245" ind1="1" ind2="#">
      <subfield code="a">1500 Ceritera Bermakna :</subfield>
      <subfield code="b">untuk Renungan, Khotbah dan Ceramah Anda Jilid Dua /</subfield>
      <subfield code="c">Frank Mihalic, SVD</subfield>
    </datafield>
    <datafield tag="100" ind1="1" ind2="#">
      <subfield code="a">MIHALIC, Frank</subfield>
    </datafield>
    <datafield tag="300" ind1="#" ind2="#">
      <subfield code="a">xix, 251 halaman :</subfield>
      <subfield code="b">Gambar ;</subfield>
      <subfield code="c">15x23 cm</subfield>
    </datafield>
    <datafield tag="260" ind1="#" ind2="#">
      <subfield code="a">Jakarta :</subfield>
      <subfield code="b">Obor,</subfield>
      <subfield code="c">1997</subfield>
    </datafield>
    <datafield tag="020" ind1="#" ind2="#">
      <subfield code="a">979-565-137-4</subfield>
    </datafield>
    <datafield tag="650" ind1="#" ind2="4">
      <subfield code="a">Hadiah 2021</subfield>
    </datafield>
    <datafield tag="520" ind1="#" ind2="#">
      <subfield code="a">Anda bisa mulai membacanya dari mana saja dan dengan cara apa saja bahkan bisa mulai dari belakang. Dalam setiap halaman anda pasti mendapatkan cerita yang bisa memberi anda pemikiran kedua untuk tema-tema tertentu, dan yang bisa membuat pidato, ceramah atau khotbah anda menarik.</subfield>
    </datafield>
    <datafield tag="250" ind1="#" ind2="#">
      <subfield code="a">Cetakan Pertama April</subfield>
    </datafield>
    <controlfield tag="008">250509################g##########0#ind##</controlfield>
    <datafield tag="082" ind1="#" ind2="#">
      <subfield code="a">153.2</subfield>
    </datafield>
    <datafield tag="084" ind1="#" ind2="#">
      <subfield code="a">153.2 MIH s2</subfield>
    </datafield>
    <datafield tag="856" ind1="#" ind2="#">
      <subfield code="a">OPAC (Ruang Sirkulasi)</subfield>
    </datafield>
  </record>
</collection>
